000 00471nam a22001817a 4500
003 ASAB
005 20180827062652.0
008 160920t xxu||||| |||| 00| 0 eng d
020 _a978-81-89473-07-5
040 _cASAB
082 _a635
100 _aD.V. Kamath
_94102
245 _aVegetable And Crop Production
_cD.V. Kamath
260 _aJaipur, India.
_bOxford Book Company.
_c2007.
300 _a309 p
630 _aVegetable and Crop
_94103
942 _2ddc
_cBK
999 _c480192
_d480192